000 nam a22 7a 4500
999 _c10106
_d10106
008 180212b ||||| |||| 00| 0 eng d
100 _aCBSE
_96125
245 _aOrganising school library guidelines
260 _aNew Delhi
_bCBSE
_c2013